| 000 | 00764cam a2200241 4500 | ||
|---|---|---|---|
| 001 | ABS62144 | ||
| 008 | 000000n2000 000 0 eng u | ||
| 035 | _a(Sirsi) u105440 | ||
| 100 | _aKnutt, E. | ||
| 245 | _aAre we safer now? | ||
| 260 | _c2000 | ||
| 490 |
_aBuilding _v265(8131) 7 April 2000, 48-50(3) |
||
| 520 | _aExamines the CDM Regulations five years since their introduction and discusses whether they have made building sites safer. | ||
| 590 | _aABS | ||
| 650 | _aCONSTRUCTION (DESIGN AND MANAGEMENT) REGULATIONS 1994 | ||
| 650 | _aACCIDENTS | ||
| 650 | _aCONSTRUCTION SITES | ||
| 650 | _aHEALTH AND SAFETY EXECUTIVE | ||
| 650 | _aINJURIES | ||
| 650 | 0 | _aFATAL ACCIDENTS | |
| 690 | _aBUILT ENVIRONMENT-BUILDING STANDARDS | ||
| 942 | _n0 | ||
| 999 |
_c63177 _d63177 |
||